000 00777nam a2200277Ia 4500
003 OSt
005 20221006151010.0
006 a|||||r|||| 00| 0
007 ta
008 221006b |||||||| |||| 00| 0 jpn d
020 _c¥1900
024 _a20,589
037 _bGift, Japan Foundation
_cTextual
040 _aEASL
_cEASL
_bjpn
041 _2jpn
_ajpn
082 _aX:9.42.N5, K8
100 _aARISAWA Hiromi Ed.
245 0 _aRodo shijo no choki tenbo
260 _aTokyo
_bToyo Keizai Shinposha Japan
_c1968
300 _a496p.
_ccm.
490 _v JL
650 _aJL
700 _a NAITO Masaru Ed.
_9658056
942 _hX:9.42.N5, K8
_cTEXL
_2CC
999 _c1088675
_d1088675